Central Library OPAC University of Rajshahi

Statutory report, under Section 55 (1) of the Reserve Bank of India act / (Record no. 30129)

MARC details
000 -LEADER
fixed length control field 00787nam a2200229 a 4500
001 - CONTROL NUMBER
control field 30129
003 - CONTROL NUMBER IDENTIFIER
rucl marc code BD-RjUL
005 - DATE AND TIME OF LATEST TRANSACTION
control field 20211209051522.0
008 - FIXED-LENGTH DATA ELEMENTS--GENERAL INFORMATION
fixed length control field 190327s1937 ii 000 0 eng
020 ## - INTERNATIONAL STANDARD BOOK NUMBER
Terms of availability : IRs. 0.60
035 ## - SYSTEM CONTROL NUMBER
System control number (BD-RjUL)30214
040 ## - CATALOGING SOURCE
Original cataloging agency DLC
Transcribing agency DLC
Modifying agency DLC
Language of cataloging eng
Description conventions BD-RjUL
041 ## - LANGUAGE CODE
Language code of text/sound track or separate title eng
082 ## - DEWEY DECIMAL CLASSIFICATION NUMBER
Edition number 23
Classification number 332.110954
Author mark and year RES 1937
110 1# - MAIN ENTRY--CORPORATE NAME
Corporate name or jurisdiction name as entry element Reserve Bank of India.
Subordinate unit Agricultural Credit Department
9 (RLIN) 229718
245 10 - TITLE STATEMENT
Title Statutory report, under Section 55 (1) of the Reserve Bank of India act /
Statement of responsibility, etc. Reserve Bank of India. Agricultural Credit Department
260 ## - PUBLICATION, DISTRIBUTION, ETC. (IMPRINT)
Place of publication, distribution, etc. Bombay:
Name of publisher, distributor, etc. Reserve Bank of India,
Date of publication, distribution, etc. 1937.
300 ## - PHYSICAL DESCRIPTION
Pagination 71 p. ;
Size 21 Cm.
650 ## - SUBJECT ADDED ENTRY--TOPICAL TERM
Topical term or geographic name as entry element Banks and banking
Geographic subdivision India.
9 (RLIN) 229719
Topical term or geographic name as entry element Agricultural credit
Geographic subdivision India.
9 (RLIN) 229720
942 ## - ADDED ENTRY ELEMENTS (KOHA)
Source of classification or shelving scheme Dewey Decimal Classification
Koha item type Rare Books
Holdings
Lost status Source of classification or shelving scheme Damaged status Not for loan Collection code Permanent Location Current Location Shelving location Date acquired Source of acquisition Cost, normal purchase price Total Checkouts Full call number Date last seen Copy number Koha item type
  Dewey Decimal Classification   Not For Loan Rare Books Central Library, University of Rajshahi Central Library, University of Rajshahi Rare Book Section 27/03/2019 Dr. A. I. Quraishi, Karachi 5.00   RA 332.110954 RES 1937 27/03/2019 C-1 Rare Books